Nom Commun, Vernaculaire et Famille des végétaux - 1 - Statistiques

Statistiques générales
  • Ce quiz a été pris 7 fois
  • Le résultat moyen est 18 sur 45
Statistiques - réponses
Par images Hint Réponse % Correct
Capillaire
71%
Prêle
71%
Sapin
71%
Asplénium nidus
57%
Cyprès
57%
Fougère américaine
57%
Genévrier
57%
Néphrolépis
57%
Sélaginelle
57%
Chamaecyparis
43%
Chamaecyparis
43%
Chamaecyparis lawsonniana
43%
Cupressacées
43%
Cupressacées
43%
Cupressacées
43%
Cupressacées
43%
Cupressacées
43%
Cycas
43%
Juniperus squamata
43%
Néphrolépis exaltata
43%
Nid d’oiseau
43%
Platycerium
43%
Ptéris
43%
Sélaginellacées
43%
Abies nordmanniana
29%
Adiantacées
29%
Adiantum raddianum
29%
Aspléniacées
29%
Chamaecyparis obtusa
29%
Cupressus macrocarpa
29%
Cycadacées
29%
Cycas revoluta
29%
Davalliacées
29%
Dryoptéridacées
29%
Equisétacées
29%
Equisetum hyemale
29%
Pinacées
29%
Platycerium alcicorne
29%
Polypodiacées
29%
Ptéridacées
29%
Ptéris cretica
29%
Selaginella martensii
29%
Thuya
29%
Thuya occidentalis
29%
Rumohra adiantiformis
14%
Aucun quiz correspondant
Distribution des résultats
% des personnes avec chaque résultat
Percentile par nombre de réponses
Votre historique - résultats
Vous n’avez pas pris ce quiz